| 000 | 00526nam a2200181Ia 4500 | ||
|---|---|---|---|
| 999 |
_c14320 _d14320 |
||
| 003 | OSt | ||
| 005 | 20201019132550.0 | ||
| 008 | 190216s9999||||xx |||||||||||||| ||und|| | ||
| 020 | _a9780140437584 | ||
| 040 | _coclc | ||
| 082 |
_a326.80973 _bLOW/A |
||
| 100 |
_aLowance, Mason _95930 |
||
| 245 | 0 |
_aAgainst Slavery : _bAn Abolitionist Reader / _cMason Lowance |
|
| 260 |
_bPenguin Books, _aUSA: _c2000. |
||
| 300 | _a333p | ||
| 650 | _aEnglish | ||
| 942 |
_cBK _2ddc _h326.80973 _iLOW/A _k326.80973 _mLOW/A |
||